[Event "4. Torneo Internacional A.D. San Juan"]
[Site "Pamplona ESP"]
[Date "2010.07.27"]
[Round "3.9"]
[White "Mestre Bellido, Hector"]
[Black "Del Rio De Angelis, Salvador G"]
[Result "1/2-1/2"]
[WhiteElo "2404"]
[BlackElo "2521"]
[PlyCount "63"]
[EventDate "2010.07.26"]
[EventType "swiss"]
[EventRounds "9"]
[EventCountry "ESP"]
[Source "lmi"]
[SourceDate "2010.07.26"]

1. e4 e6 2. d4 d5 3. Nd2 c5 4. exd5 Qxd5 5. Ngf3 cxd4 6. Bc4 Qd6 7. O-O Nf6 8.
Nb3 Nc6 9. Nbxd4 Nxd4 10. Nxd4 Be7 11. c3 O-O 12. Qf3 Qc7 13. Bb3 Rd8 14. Re1
Nd5 15. Nf5 Bf6 16. Nh6+ Kf8 17. Ng4 Be7 18. Qh3 Kg8 19. Bc2 f5 20. Ne5 Bf6 21.
Qg3 b6 22. Bg5 Bb7 23. Bb3 Bxg5 24. Qxg5 Rf8 25. Rad1 Rad8 26. Rd4 b5 27. Qd2
Kh8 28. Qe2 a6 29. Qh5 Kg8 30. Rh4 h6 31. Rd4 Rf6 32. Qd1 1/2-1/2

[Event "4. Torneo Internacional A.D. San Juan"]
[Site "Pamplona ESP"]
[Date "2010.07.28"]
[Round "4.1"]
[White "Gonzalez Vidal, Yuri"]
[Black "Bruzon Batista, Lazaro"]
[Result "1/2-1/2"]
[WhiteElo "2522"]
[BlackElo "2653"]
[PlyCount "25"]
[EventDate "2010.07.26"]
[EventType "swiss"]
[EventRounds "9"]
[EventCountry "ESP"]
[Source "lmi"]
[SourceDate "2010.07.26"]

1. e4 e6 2. d4 d5 3. exd5 exd5 4. Bd3 Nf6 5. Ne2 Bd6 6. Bf4 O-O 7. O-O Nc6 8.
c3 Bg4 9. f3 Bh5 10. Nd2 Bg6 11. Bxg6 hxg6 12. Bxd6 Qxd6 13. Re1 1/2-1/2

[Event "4. Torneo Internacional A.D. San Juan"]
[Site "Pamplona ESP"]
[Date "2010.07.28"]
[Round "4.2"]
[White "Nanu, Ciprian-Costica"]
[Black "Tregubov, Pavel V"]
[Result "1/2-1/2"]
[WhiteElo "2515"]
[BlackElo "2610"]
[PlyCount "58"]
[EventDate "2010.07.26"]
[EventType "swiss"]
[EventRounds "9"]
[EventCountry "ESP"]
[Source "lmi"]
[SourceDate "2010.07.26"]

1. Nf3 c5 2. c4 Nc6 3. Nc3 e5 4. e3 Nf6 5. Be2 d5 6. d4 cxd4 7. exd4 e4 8. Ne5
dxc4 9. Qa4 Be7 10. Nxc6 bxc6 11. Qxc6+ Bd7 12. Qxc4 O-O 13. O-O Rb8 14. Bf4
Rxb2 15. Rab1 Be6 16. Qa4 Rxb1 17. Rxb1 Nd5 18. Nxd5 Qxd5 19. Qxa7 Qxa2 20.
Qxa2 Bxa2 21. Rb5 Rd8 22. Be3 Bd5 23. g4 h6 24. Kg2 Kh7 25. Bd1 g6 26. Bb3 Bxb3
27. Rxb3 Rd7 28. f3 exf3+ 29. Kxf3 f6 1/2-1/2

[Event "4. Torneo Internacional A.D. San Juan"]
[Site "Pamplona ESP"]
[Date "2010.07.28"]
[Round "4.3"]
[White "Almagro Mazariegos, Sebastian"]
[Black "Almeida Quintana, Omar"]
[Result "0-1"]
[WhiteElo "2284"]
[BlackElo "2559"]
[PlyCount "78"]
[EventDate "2010.07.26"]
[EventType "swiss"]
[EventRounds "9"]
[EventCountry "ESP"]
[Source "lmi"]
[SourceDate "2010.07.26"]

1. e4 g6 2. d4 Bg7 3. Nc3 d6 4. Be3 a6 5. Qd2 b5 6. h4 h5 7. f3 Nd7 8. Nh3 Bb7
9. Ng5 Rc8 10. O-O-O c5 11. d5 Nb6 12. b3 Nf6 13. Ne2 b4 14. Nf4 Nh7 15. Nxh7
Rxh7 16. g4 hxg4 17. fxg4 Nd7 18. h5 Qa5 19. Kb1 Qa3 20. Qc1 Nf6 21. Qxa3 bxa3
22. Bd3 Nxg4 23. Bg1 Be5 24. Rf1 Nf6 25. Rf3 Kd7 26. Be3 Rch8 27. Rg1 Nxh5 28.
Nxh5 gxh5 29. Rh3 Kc7 30. Bg5 Rg7 31. Be3 Rxg1+ 32. Bxg1 Bc8 33. Rh1 h4 34. Bh2
Bxh2 35. Rxh2 Rg8 36. Rh1 h3 37. Kc1 Kb6 38. Kd2 Rg2+ 39. Kc3 h2 0-1

[Event "4. Torneo Internacional A.D. San Juan"]
[Site "Pamplona ESP"]
[Date "2010.07.28"]
[Round "4.4"]
[White "Delchev, Aleksander"]
[Black "Riff, Jean-Noel"]
[Result "1/2-1/2"]
[WhiteElo "2632"]
[BlackElo "2500"]
[PlyCount "110"]
[EventDate "2010.07.26"]
[EventType "swiss"]
[EventRounds "9"]
[EventCountry "ESP"]
[Source "lmi"]
[SourceDate "2010.07.26"]

1. d4 Nf6 2. c4 e6 3. g3 d5 4. Nf3 Bb4+ 5. Bd2 Bxd2+ 6. Qxd2 c6 7. Bg2 Nbd7 8.
Ne5 O-O 9. O-O Nxe5 10. dxe5 Nd7 11. f4 f6 12. exf6 Nxf6 13. Nc3 Qe7 14. Qd4
Bd7 15. c5 Rae8 16. e4 e5 17. fxe5 Qxe5 18. Qxe5 Rxe5 19. exd5 Nxd5 20. Bxd5+
cxd5 21. Rxf8+ Kxf8 22. Rd1 Bc6 23. b4 a6 24. Kf2 Rh5 25. h4 Rf5+ 26. Ke3 g5
27. Rd4 Re5+ 28. Kd2 h6 29. a4 gxh4 30. gxh4 Kf7 31. b5 axb5 32. axb5 Bd7 33.
Rf4+ Ke7 34. Kd3 Rh5 35. Kd4 Ke6 36. c6 bxc6 37. b6 Kd6 38. Rf6+ Be6 39. Nb5+
cxb5 40. Rxe6+ Kd7 41. Re7+ Kc8 42. Kc5 Rf5 43. Kxb5 Kb8 44. Ka6 Rf8 45. Rd7 h5
46. Rxd5 Rh8 47. Rd7 Ka8 48. Rg7 Kb8 49. Kb5 Rh6 50. Kc5 Kc8 51. b7+ Kb8 52.
Kd5 Rb6 53. Rg5 Rb4 54. Kc6 Rc4+ 55. Kb6 Rb4+ 1/2-1/2

[Event "4. Torneo Internacional A.D. San Juan"]
[Site "Pamplona ESP"]
[Date "2010.07.28"]
[Round "4.5"]
[White "Ninov, Nikolai"]
[Black "Balogh, Csaba"]
[Result "0-1"]
[WhiteElo "2512"]
[BlackElo "2628"]
[PlyCount "100"]
[EventDate "2010.07.26"]
[EventType "swiss"]
[EventRounds "9"]
[EventCountry "ESP"]
[Source "lmi"]
[SourceDate "2010.07.26"]

1. e4 c5 2. Nf3 e6 3. d4 cxd4 4. Nxd4 Nc6 5. Nb5 d6 6. c4 Nf6 7. N1c3 a6 8. Na3
Be7 9. Be2 O-O 10. O-O b6 11. Be3 Bb7 12. f3 Ne5 13. Rc1 Rc8 14. Na4 Ned7 15.
Qb3 Bc6 16. Rfd1 Qc7 17. Nb5 Qb8 18. Nd4 Ba8 19. Nc3 Rfe8 20. Kh1 Bd8 21. Bg1
Bc7 22. Qc2 Bb7 23. Bf1 d5 24. exd5 exd5 25. Nxd5 Nxd5 26. cxd5 Bf4 27. Nc6
Bxc1 28. Nxb8 Rxc2 29. Nxd7 Bxb2 30. Nxb6 Rc1 31. Rxc1 Bxc1 32. Bf2 Be3 33.
Bxe3 Rxe3 34. d6 Re1 35. Kg1 Rd1 36. d7 Kf8 37. Kf2 Ke7 38. Bc4 Rb1 39. Na4 Bc6
40. Bd3 Rd1 41. Nc5 Rd2+ 42. Kg3 a5 43. Bxh7 g6 44. h4 Rxa2 45. h5 gxh5 46. Bg8
Rd2 47. Nb3 Rd5 48. Nxa5 Rxa5 49. d8=Q+ Kxd8 50. Bxf7 Ke7 0-1

[Event "4. Torneo Internacional A.D. San Juan"]
[Site "Pamplona ESP"]
[Date "2010.07.28"]
[Round "4.6"]
[White "Epishin, Vladimir"]
[Black "Pavlovic, Milos M"]
[Result "1/2-1/2"]
[WhiteElo "2598"]
[BlackElo "2483"]
[PlyCount "43"]
[EventDate "2010.07.26"]
[EventType "swiss"]
[EventRounds "9"]
[EventCountry "ESP"]
[Source "lmi"]
[SourceDate "2010.07.26"]

1. d4 Nf6 2. Nf3 g6 3. g3 Bg7 4. Bg2 d5 5. O-O O-O 6. Nbd2 Bf5 7. c3 Qc8 8. Re1
c5 9. dxc5 Qxc5 10. Nd4 Bg4 11. N2f3 Nbd7 12. Bf4 Bxf3 13. exf3 e6 14. a4 a6
15. a5 Qe7 16. g4 Rfe8 17. Bg3 e5 18. f4 e4 19. f5 Qc5 20. Nb3 Qc6 21. Nd4 Qc5
22. Nb3 1/2-1/2

[Event "4. Torneo Internacional A.D. San Juan"]
[Site "Pamplona ESP"]
[Date "2010.07.28"]
[Round "4.7"]
[White "Alvarez Pedraza, Aramis"]
[Black "Oleksienko, Mikhailo"]
[Result "0-1"]
[WhiteElo "2496"]
[BlackElo "2548"]
[PlyCount "48"]
[EventDate "2010.07.26"]
[EventType "swiss"]
[EventRounds "9"]
[EventCountry "ESP"]
[Source "lmi"]
[SourceDate "2010.07.26"]

1. d4 Nf6 2. c4 e6 3. Nc3 Bb4 4. e3 O-O 5. Nge2 Re8 6. a3 Bf8 7. d5 a5 8. Ng3
Na6 9. Bd3 Nc5 10. Bc2 exd5 11. cxd5 c6 12. b3 b5 13. Bb2 Ba6 14. d6 b4 15.
axb4 axb4 16. Na4 Ne6 17. Qf3 Nd5 18. O-O-O Bb5 19. e4 Nb6 20. Nxb6 Qxb6 21.
Qh5 Ra2 22. e5 Rxb2 23. Kxb2 Qa7 24. Qf5 g6 0-1

[Event "4. Torneo Internacional A.D. San Juan"]
[Site "Pamplona ESP"]
[Date "2010.07.28"]
[Round "4.8"]
[White "Fernandez Garcia, Jose Luis"]
[Black "Kogan, Artur"]
[Result "1/2-1/2"]
[WhiteElo "2435"]
[BlackElo "2541"]
[PlyCount "56"]
[EventDate "2010.07.26"]
[EventType "swiss"]
[EventRounds "9"]
[EventCountry "ESP"]
[Source "lmi"]
[SourceDate "2010.07.26"]

1. e4 c5 2. Nf3 e6 3. d4 cxd4 4. Nxd4 a6 5. Bd3 Bc5 6. Be3 b6 7. Nd2 Bb7 8. Qe2
Ne7 9. f4 Qc7 10. c3 Nbc6 11. N2b3 Nxd4 12. Nxd4 O-O 13. O-O f5 14. exf5 Nxf5
15. Bf2 Bxd4 16. Bxd4 Nxd4 17. cxd4 Qc6 18. Rf2 Rf6 19. Qc2 Qxc2 20. Bxc2 Raf8
21. g3 Bd5 22. Bd3 g5 23. Raf1 gxf4 24. Rxf4 Rxf4 25. Rxf4 Rxf4 26. gxf4 Bxa2
27. Bxa6 Kf7 28. Bd3 h6 1/2-1/2

[Event "4. Torneo Internacional A.D. San Juan"]
[Site "Pamplona ESP"]
[Date "2010.07.28"]
[Round "4.9"]
[White "Vazquez Igarza, Renier"]
[Black "Mestre Bellido, Hector"]
[Result "1/2-1/2"]
[WhiteElo "2527"]
[BlackElo "2404"]
[PlyCount "106"]
[EventDate "2010.07.26"]
[EventType "swiss"]
[EventRounds "9"]
[EventCountry "ESP"]
[Source "lmi"]
[SourceDate "2010.07.26"]

1. d4 d5 2. c4 c6 3. Nf3 Nf6 4. Nc3 dxc4 5. a4 Bf5 6. Ne5 Nbd7 7. Nxc4 Qc7 8.
g3 e5 9. dxe5 Nxe5 10. Bf4 Nfd7 11. Bg2 f6 12. O-O Rd8 13. Qc1 Be6 14. Ne4 Bb4
15. Nxe5 Nxe5 16. Nc5 Bc8 17. Bxe5 Qxe5 18. Nd3 Qe7 19. Nxb4 Qxb4 20. Qe3+ Qe7
21. Qxa7 Rd2 22. e3 Rxb2 23. Rab1 Rxb1 24. Rxb1 Kf7 25. Rd1 Be6 26. a5 Rc8 27.
h4 Rc7 28. Qb6 Bc4 29. Qb1 g6 30. Rd4 Be6 31. h5 Rd7 32. Be4 f5 33. Bf3 Rxd4
34. exd4 Bc4 35. Kg2 Kg7 36. Qb2 Kg8 37. Qc3 Bf7 38. a6 bxa6 39. Qxc6 gxh5 40.
d5 Qd8 41. d6 Be6 42. Qxa6 h4 43. Qc6 hxg3 44. fxg3 Qd7 45. Qc5 Kf7 46. Bc6 Qd8
47. Qa7+ Kg6 48. Qe7 Qxe7 49. dxe7 Bf7 50. Kh3 Kf6 51. e8=Q Bxe8 52. Bxe8 Kg5
53. Bc6 h5 1/2-1/2

[Event "4. Torneo Internacional A.D. San Juan"]
[Site "Pamplona ESP"]
[Date "2010.07.28"]
[Round "4.10"]
[White "Del Rio De Angelis, Salvador G"]
[Black "Santos Latasa, Jaime"]
[Result "1-0"]
[WhiteElo "2521"]
[BlackElo "2255"]
[PlyCount "89"]
[EventDate "2010.07.26"]
[EventType "swiss"]
[EventRounds "9"]
[EventCountry "ESP"]
[Source "lmi"]
[SourceDate "2010.07.26"]

1. d4 Nf6 2. c4 g6 3. Nc3 d5 4. cxd5 Nxd5 5. e4 Nxc3 6. bxc3 Bg7 7. Bb5+ c6 8.
Ba4 O-O 9. Ne2 b5 10. Bb3 Bb7 11. O-O Nd7 12. Be3 e6 13. Qd2 c5 14. f3 Qc7 15.
Bh6 Rad8 16. h4 a5 17. Bxg7 Kxg7 18. h5 Qb6 19. Kf2 cxd4 20. cxd4 e5 21. Qe3
exd4 22. Nxd4 Nc5 23. Rac1 Rd7 24. hxg6 hxg6 25. Rh1 Rh8 26. Rxh8 Kxh8 27. e5
Nxb3 28. axb3 Bd5 29. Kg3 Kg8 30. Rh1 f6 31. exf6 Qd6+ 32. Kf2 Rf7 33. Nf5 Qxf6
34. Nh6+ Kg7 35. Nxf7 Bxf7 36. Qh6+ Kg8 37. Rc1 Qd4+ 38. Kf1 Qd3+ 39. Kg1 Be6
40. Qg5 a4 41. Qe5 axb3 42. Qxe6+ Kg7 43. Rc7+ Kh6 44. Qh3+ Kg5 45. f4+ 1-0

[Event "4. Torneo Internacional A.D. San Juan"]
[Site "Pamplona ESP"]
[Date "2010.07.29"]
[Round "5.1"]
[White "Almeida Quintana, Omar"]
[Black "Bruzon Batista, Lazaro"]
[Result "1/2-1/2"]
[WhiteElo "2559"]
[BlackElo "2653"]
[PlyCount "22"]
[EventDate "2010.07.26"]
[EventType "swiss"]
[EventRounds "9"]
[EventCountry "ESP"]
[Source "lmi"]
[SourceDate "2010.07.26"]

1. d4 e6 2. c4 Bb4+ 3. Bd2 Bxd2+ 4. Qxd2 Nf6 5. Nc3 d5 6. e3 O-O 7. Nf3 Qe7 8.
Bd3 dxc4 9. Bxc4 c5 10. O-O cxd4 11. exd4 Nbd7 1/2-1/2

[Event "4. Torneo Internacional A.D. San Juan"]
[Site "Pamplona ESP"]
[Date "2010.07.29"]
[Round "5.2"]
[White "Balogh, Csaba"]
[Black "Gonzalez Vidal, Yuri"]
[Result "1/2-1/2"]
[WhiteElo "2628"]
[BlackElo "2522"]
[PlyCount "63"]
[EventDate "2010.07.26"]
[EventType "swiss"]
[EventRounds "9"]
[EventCountry "ESP"]
[Source "lmi"]
[SourceDate "2010.07.26"]

1. e4 e5 2. Nf3 Nc6 3. Bb5 a6 4. Ba4 Nf6 5. O-O Be7 6. Re1 b5 7. Bb3 d6 8. c3
O-O 9. h3 Nb8 10. d4 Nbd7 11. Nbd2 Bb7 12. a4 c5 13. Bc2 Re8 14. d5 c4 15. b3
cxb3 16. Nxb3 Qc7 17. Bd3 Reb8 18. axb5 axb5 19. Ba3 Nb6 20. Bb4 Na4 21. Qc2
Bc8 22. Ra3 Bf8 23. Rea1 Bd7 24. Nbd2 Rc8 25. Qb1 Rab8 26. Qe1 Be8 27. Bf1 Nc5
28. Qe3 Qb6 29. Ba5 Qb7 30. Bb4 Qb6 31. Ba5 Qb7 32. Bb4 1/2-1/2

[Event "4. Torneo Internacional A.D. San Juan"]
[Site "Pamplona ESP"]
[Date "2010.07.29"]
[Round "5.4"]
[White "Oleksienko, Mikhailo"]
[Black "Nanu, Ciprian-Costica"]
[Result "1/2-1/2"]
[WhiteElo "2548"]
[BlackElo "2515"]
[PlyCount "52"]
[EventDate "2010.07.26"]
[EventType "swiss"]
[EventRounds "9"]
[EventCountry "ESP"]
[Source "lmi"]
[SourceDate "2010.07.26"]

1. e4 c5 2. Nf3 Nc6 3. d4 cxd4 4. Nxd4 g6 5. c4 Nf6 6. Nc3 Nxd4 7. Qxd4 d6 8.
Bg5 Bg7 9. Qd2 O-O 10. Be2 a5 11. O-O a4 12. Rfd1 Be6 13. e5 Ne8 14. exd6 Nxd6
15. c5 Nf5 16. Qxd8 Rfxd8 17. Rxd8+ Rxd8 18. Nxa4 h6 19. Be3 Nxe3 20. fxe3 Rd2
21. Bf3 Bd7 22. Rd1 Rxd1+ 23. Bxd1 Bxa4 24. Bxa4 Bxb2 25. c6 bxc6 26. Bxc6 Ba3
1/2-1/2

[Event "4. Torneo Internacional A.D. San Juan"]
[Site "Pamplona ESP"]
[Date "2010.07.29"]
[Round "5.5"]
[White "Vera Gonzalez-Quevedo, Reynaldo"]
[Black "Delchev, Aleksander"]
[Result "1/2-1/2"]
[WhiteElo "2513"]
[BlackElo "2632"]
[PlyCount "69"]
[EventDate "2010.07.26"]
[EventType "swiss"]
[EventRounds "9"]
[EventCountry "ESP"]
[Source "lmi"]
[SourceDate "2010.07.26"]

1. d4 d5 2. c4 e6 3. Nc3 c6 4. Nf3 Nf6 5. Bg5 h6 6. Bxf6 Qxf6 7. Qb3 dxc4 8.
Qxc4 Nd7 9. Rd1 g6 10. e4 e5 11. d5 Nb6 12. Qb3 Bc5 13. Be2 Bg4 14. dxc6 bxc6
15. O-O Bxf3 16. Bxf3 O-O 17. Qc2 Rfd8 18. Ne2 Rxd1 19. Rxd1 Rd8 20. Rxd8+ Qxd8
21. g3 Qd6 22. Kg2 h5 23. h4 Nd7 24. Nc1 Nf8 25. Be2 Ne6 26. Bc4 Nd4 27. Qd1
Qf6 28. Nd3 Bb6 29. Ne1 Kg7 30. Nf3 Nxf3 31. Qxf3 Qe7 32. b3 f6 33. Qd1 Bd4 34.
a4 Qb4 35. Qc1 1/2-1/2

[Event "4. Torneo Internacional A.D. San Juan"]
[Site "Pamplona ESP"]
[Date "2010.07.29"]
[Round "5.6"]
[White "Cori, T  Deysi"]
[Black "Epishin, Vladimir"]
[Result "1/2-1/2"]
[WhiteElo "2403"]
[BlackElo "2598"]
[PlyCount "73"]
[EventDate "2010.07.26"]
[EventType "swiss"]
[EventRounds "9"]
[EventCountry "ESP"]
[Source "lmi"]
[SourceDate "2010.07.26"]

1. d4 Nf6 2. c4 Nc6 3. Nf3 e6 4. g3 Bb4+ 5. Bd2 Qe7 6. Nc3 O-O 7. Bg2 d5 8. O-O
dxc4 9. Bg5 h6 10. Bxf6 Qxf6 11. Ne4 Qf5 12. Qc2 Rd8 13. Rfd1 Be7 14. Rac1 Bd7
15. Nh4 Bxh4 16. gxh4 e5 17. dxe5 Qxe5 18. Qxc4 Be6 19. Qc3 Rxd1+ 20. Rxd1 Re8
21. a3 Bg4 22. Rd2 Qf4 23. Ng3 Qe5 24. Qxe5 Rxe5 25. Bxc6 bxc6 26. f3 Be6 27.
Rc2 Bd7 28. Kf2 Kf8 29. Ne4 Ke7 30. Nc5 f6 31. e4 Rh5 32. Kg3 Be8 33. Nb3 Kd6
34. Rd2+ Ke7 35. Rc2 Kd6 36. Rd2+ Ke7 37. Rc2 1/2-1/2

[Event "4. Torneo Internacional A.D. San Juan"]
[Site "Pamplona ESP"]
[Date "2010.07.29"]
[Round "5.7"]
[White "Mogranzini, Roberto"]
[Black "Paunovic, Dragan"]
[Result "0-1"]
[WhiteElo "2387"]
[BlackElo "2553"]
[PlyCount "54"]
[EventDate "2010.07.26"]
[EventType "swiss"]
[EventRounds "9"]
[EventCountry "ESP"]
[Source "lmi"]
[SourceDate "2010.07.26"]

1. e4 c5 2. Nf3 e6 3. d4 cxd4 4. Nxd4 a6 5. Nc3 Qc7 6. Bd3 Nf6 7. O-O Nc6 8.
Nxc6 dxc6 9. a4 e5 10. Qe2 Bc5 11. Be3 Bg4 12. Qe1 Bxe3 13. Qxe3 a5 14. Bc4 Rd8
15. f3 Bc8 16. Rfd1 O-O 17. Rxd8 Rxd8 18. Rd1 Rxd1+ 19. Nxd1 Qd6 20. Nf2 Nd7
21. Nd3 Kf8 22. c3 f6 23. Qa7 Qc7 24. Nc5 Qb6 25. Qxb6 Nxb6 26. Be6 Nxa4 27.
Nxa4 Bxe6 0-1

[Event "4. Torneo Internacional A.D. San Juan"]
[Site "Pamplona ESP"]
[Date "2010.07.29"]
[Round "5.8"]
[White "Kogan, Artur"]
[Black "Vega Gutierrez, Sabrina"]
[Result "1/2-1/2"]
[WhiteElo "2541"]
[BlackElo "2373"]
[PlyCount "150"]
[EventDate "2010.07.26"]
[EventType "swiss"]
[EventRounds "9"]
[EventCountry "ESP"]
[Source "lmi"]
[SourceDate "2010.07.26"]

1. Nf3 d5 2. c4 e6 3. g3 Nf6 4. Bg2 dxc4 5. Na3 Bxa3 6. Qa4+ Nc6 7. bxa3 O-O 8.
Bb2 Re8 9. Qxc4 e5 10. O-O Be6 11. Qh4 Bd5 12. d3 Nd4 13. e4 Nxf3+ 14. Bxf3 Bc6
15. Rad1 Ba4 16. Rd2 c5 17. Qg5 Nxe4 18. Qxd8 Nxd2 19. Qa5 Nxf3+ 20. Kg2 Bc6
21. Rd1 Re6 22. Qxc5 Nxh2+ 23. Kg1 Nf3+ 24. Kf1 Nh2+ 25. Ke1 Nf3+ 26. Ke2 a6
27. Rc1 Rae8 28. Qa5 Nd4+ 29. Kd2 Bb5 30. Rc7 Rd6 31. a4 Nf3+ 32. Ke2 Nd4+ 33.
Bxd4 exd4+ 34. Kd2 Bc6 35. Qb4 Rdd8 36. Qc4 Re6 37. f4 g6 38. g4 Rd5 39. Rc8+
Kg7 40. Qb4 Red6 41. Rc7 Rd7 42. Rc8 R7d6 43. Kc1 h5 44. g5 h4 45. Qe1 Bxa4 46.
Kb2 Rb6+ 47. Ka3 Bd7 48. Rc4 Kg8 49. f5 gxf5 50. Rc7 Be6 51. g6 fxg6 52. Rxb7
Ra5+ 53. Qxa5 Rxb7 54. Qd8+ Kf7 55. Qxh4 Rd7 56. Kb4 Rd5 57. a4 a5+ 58. Ka3 Kg7
59. Kb2 Bf7 60. Kc1 Rd7 61. Kd2 Bb3 62. Qh2 Bxa4 63. Qe5+ Kf7 64. Qxa5 Bb3 65.
Qe5 Be6 66. Qh8 Rd5 67. Ke2 f4 68. Kf3 Rf5 69. Qxd4 Bd5+ 70. Kf2 f3 71. Qh4 Rh5
72. Qf4+ Kg7 73. Qc7+ Kf6 74. d4 Rf5 75. Qh7 Rh5 1/2-1/2

[Event "4. Torneo Internacional A.D. San Juan"]
[Site "Pamplona ESP"]
[Date "2010.07.29"]
[Round "5.10"]
[White "Burguete Archel, Eduardo"]
[Black "Ipatov, Alexander"]
[Result "0-1"]
[WhiteElo "2206"]
[BlackElo "2507"]
[PlyCount "128"]
[EventDate "2010.07.26"]
[EventType "swiss"]
[EventRounds "9"]
[EventCountry "ESP"]
[Source "lmi"]
[SourceDate "2010.07.26"]

1. e4 d5 2. exd5 Qxd5 3. Nc3 Qd6 4. d4 Nf6 5. Bc4 a6 6. Nge2 b5 7. Bf4 Qd7 8.
Bb3 Bb7 9. O-O Nc6 10. a3 O-O-O 11. Qd3 Nxd4 12. Nxd4 Qxd4 13. Qxd4 Rxd4 14.
Be3 Rd8 15. Bxf7 e5 16. Rad1 Be7 17. Be6+ Kb8 18. Rxd8+ Rxd8 19. Rd1 Rxd1+ 20.
Nxd1 Be4 21. Bb3 Bg6 22. c4 Bf7 23. Bd2 Ne4 24. Be1 Bxc4 25. Bxc4 bxc4 26. f3
Bc5+ 27. Kf1 Nd6 28. Bc3 Bd4 29. Ke2 Kb7 30. f4 Nb5 31. a4 Nxc3+ 32. bxc3 Bg1
33. fxe5 Bxh2 34. Kf3 Bxe5 35. Ke4 Bf6 36. Kd5 h5 37. Kxc4 Kc6 38. Ne3 g5 39.
Nd5 Be5 40. Nb4+ Kb6 41. a5+ Kb7 42. Nd3 Bg3 43. Nc5+ Ka7 44. Ne4 Bf4 45. g3
Bd6 46. Nxg5 Bxg3 47. Nh3 Kb7 48. Kd5 h4 49. Ng5 Be1 50. Kc4 Kc6 51. Nh3 Kd6
52. Ng5 Bg3 53. Kd4 Be5+ 54. Kc4 Bf6 55. Ne4+ Ke5 56. Kd3 Be7 57. Ke3 Kd5 58.
Kd3 h3 59. c4+ Kc6 60. Kd4 Bd6 61. Kc3 h2 62. Nf2 Bg3 63. Nh1 Be1+ 64. Kb3 Kc5
0-1

[Event "4. Torneo Internacional A.D. San Juan"]
[Site "Pamplona ESP"]
[Date "2010.07.30"]
[Round "6.1"]
[White "Balogh, Csaba"]
[Black "Almeida Quintana, Omar"]
[Result "1/2-1/2"]
[WhiteElo "2628"]
[BlackElo "2559"]
[PlyCount "58"]
[EventDate "2010.07.26"]
[EventType "swiss"]
[EventRounds "9"]
[EventCountry "ESP"]
[Source "lmi"]
[SourceDate "2010.07.26"]

1. e4 g6 2. d4 Bg7 3. Nc3 d6 4. f4 a6 5. Nf3 b5 6. Bd3 Nd7 7. e5 c5 8. Be4 Rb8
9. O-O b4 10. Na4 Qc7 11. dxc5 Nxc5 12. Nxc5 Qxc5+ 13. Qd4 Qxd4+ 14. Nxd4 Bd7
15. Nf3 Nh6 16. a3 O-O 17. Bd3 a5 18. axb4 axb4 19. Ra7 Rfd8 20. b3 Bf5 21.
Bxf5 Nxf5 22. g4 Nh6 23. h3 Rdc8 24. Rf2 f5 25. g5 Nf7 26. e6 Nd8 27. Rxe7 Kf8
28. Rd7 Nxe6 29. Be3 Rd8 1/2-1/2

[Event "4. Torneo Internacional A.D. San Juan"]
[Site "Pamplona ESP"]
[Date "2010.07.30"]
[Round "6.2"]
[White "Bruzon Batista, Lazaro"]
[Black "Nanu, Ciprian-Costica"]
[Result "1-0"]
[WhiteElo "2653"]
[BlackElo "2515"]
[PlyCount "109"]
[EventDate "2010.07.26"]
[EventType "swiss"]
[EventRounds "9"]
[EventCountry "ESP"]
[Source "lmi"]
[SourceDate "2010.07.26"]

1. e4 c5 2. Nf3 Nc6 3. Bb5 e6 4. O-O Nge7 5. Re1 Ng6 6. c3 Be7 7. d4 cxd4 8.
cxd4 d5 9. Nc3 O-O 10. Bd3 Nb4 11. Bb1 dxe4 12. Bxe4 Nd5 13. Bxd5 exd5 14. Qb3
Be6 15. Qxb7 a5 16. Qb5 a4 17. Qd3 Qd7 18. Ne2 Bf5 19. Qd1 Rfc8 20. Ng3 Be6 21.
Bd2 Rab8 22. Rb1 Bd6 23. b3 Bxg3 24. hxg3 Bf5 25. Rc1 axb3 26. axb3 Rxc1 27.
Bxc1 Qc6 28. Ba3 h6 29. Bc5 Nf8 30. Re7 Nd7 31. Ne5 Nxe5 32. Rxe5 Bd7 33. b4
Re8 34. Be7 Be6 35. Bc5 Bd7 36. Qe2 f6 37. Re7 Rxe7 38. Qxe7 Kh7 39. f3 Be8 40.
g4 Qd7 41. Qe3 Kg8 42. f4 h5 43. g5 fxg5 44. fxg5 Kf7 45. Qe5 Kg6 46. Bf8 Qf7
47. Bxg7 Bb5 48. Qf6+ Qxf6 49. gxf6 Kf7 50. Kf2 Ke6 51. g3 Bc4 52. Ke3 Bb5 53.
Kf4 Bc4 54. Kg5 Be2 55. Bh8 1-0

[Event "4. Torneo Internacional A.D. San Juan"]
[Site "Pamplona ESP"]
[Date "2010.07.30"]
[Round "6.3"]
[White "Ipatov, Alexander"]
[Black "Tregubov, Pavel V"]
[Result "1/2-1/2"]
[WhiteElo "2507"]
[BlackElo "2610"]
[PlyCount "115"]
[EventDate "2010.07.26"]
[EventType "swiss"]
[EventRounds "9"]
[EventCountry "ESP"]
[Source "lmi"]
[SourceDate "2010.07.26"]

1. d4 d5 2. Nc3 Nf6 3. Bg5 c6 4. e3 Bf5 5. Bxf6 exf6 6. Bd3 Bxd3 7. Qxd3 Bb4 8.
O-O-O Qa5 9. Nge2 O-O 10. Kb1 Re8 11. g4 b5 12. Rdg1 Nd7 13. Nd1 Bd6 14. h4 Qd8
15. g5 Qe7 16. f4 Qe4 17. Qd2 f5 18. h5 Qe6 19. Ng3 g6 20. hxg6 fxg6 21. Rh6
Bf8 22. Rh3 Bg7 23. Rgh1 Nf8 24. Ne2 Rac8 25. b4 a5 26. bxa5 c5 27. dxc5 Rxc5
28. Nd4 Qd6 29. Qb4 Qc7 30. Nb2 Rb8 31. a3 Rc8 32. R1h2 Bxd4 33. Qxd4 Qd8 34.
a6 R5c6 35. a7 Ra6 36. Rd2 Rxa3 37. Qxd5+ Qxd5 38. Rxd5 Rxa7 39. Rxb5 Rac7 40.
c4 Ne6 41. Rh1 Nc5 42. Rd1 Kg7 43. Kc2 Rc6 44. Ra5 R8c7 45. Rda1 h6 46. gxh6+
Kxh6 47. Ra7 g5 48. Rxc7 Rxc7 49. Nd3 Ne4 50. Ne5 g4 51. Kd3 g3 52. Rh1+ Kg7
53. Rc1 Kf8 54. c5 Nxc5+ 55. Ke2 g2 56. Rg1 Nd7 57. Nxd7+ Rxd7 58. Rxg2 1/2-1/2

[Event "4. Torneo Internacional A.D. San Juan"]
[Site "Pamplona ESP"]
[Date "2010.07.30"]
[Round "6.4"]
[White "Paunovic, Dragan"]
[Black "Vera Gonzalez-Quevedo, Reynaldo"]
[Result "1/2-1/2"]
[WhiteElo "2553"]
[BlackElo "2513"]
[PlyCount "41"]
[EventDate "2010.07.26"]
[EventType "swiss"]
[EventRounds "9"]
[EventCountry "ESP"]
[Source "lmi"]
[SourceDate "2010.07.26"]

1. c4 e5 2. Nf3 Nc6 3. Nc3 Nf6 4. e3 Be7 5. Be2 O-O 6. O-O d5 7. cxd5 Nxd5 8.
Qc2 Be6 9. a3 f5 10. d3 Qe8 11. Nxd5 Bxd5 12. e4 fxe4 13. dxe4 Qg6 14. Bc4 Bxc4
15. Qxc4+ Kh8 16. Kh1 Rxf3 17. gxf3 Qh5 18. Rg1 Qxf3+ 19. Rg2 Qd1+ 20. Rg1 Qf3+
21. Rg2 1/2-1/2

[Event "4. Torneo Internacional A.D. San Juan"]
[Site "Pamplona ESP"]
[Date "2010.07.30"]
[Round "6.5"]
[White "Mullon, Jean-Baptiste"]
[Black "Oleksienko, Mikhailo"]
[Result "0-1"]
[WhiteElo "2442"]
[BlackElo "2548"]
[PlyCount "62"]
[EventDate "2010.07.26"]
[EventType "swiss"]
[EventRounds "9"]
[EventCountry "ESP"]
[Source "lmi"]
[SourceDate "2010.07.26"]

1. e4 c5 2. Nf3 d6 3. d4 cxd4 4. Nxd4 Nf6 5. Nc3 a6 6. Bg5 e6 7. f4 Qc7 8. Bxf6
gxf6 9. Qd2 Bd7 10. O-O-O Nc6 11. Kb1 Be7 12. Bc4 Nxd4 13. Qxd4 Qc5 14. Qd3 b5
15. Bb3 b4 16. Ne2 Bb5 17. Qf3 a5 18. Nd4 Bd7 19. f5 e5 20. Bxf7+ Kxf7 21. Ne6
Bxe6 22. Qh5+ Kg7 23. fxe6 Rhf8 24. Rd3 Qc4 25. Qf5 Rh8 26. b3 Qc8 27. Rf1 a4
28. Rxd6 axb3 29. cxb3 Rd8 30. Rd7 Rxd7 31. exd7 Qa6 0-1